000 00567nam a22001817a 4500
005 20251108172956.0
008 250721s2005 xx 000 0 ara d
082 1 4 _a412/ قني
100 1 _aقنيبي، حامد صادق
245 1 0 _aمباحث في علم الدلالة و المصطلح /
264 1 _aعمان :
_bدار ابن الجوزي للنشر و التوزيع،
_c2005.
300 _a353ص
650 1 7 _aعلم الدلالة
650 1 7 _aعلم المصطلح
650 1 7 _aاللغة العربية
942 _2ddc
_cBK
999 _c93167
_d93167